<?xml version="1.0" encoding="UTF-8"?>
<record
    xmlns:xsi="http://www.w3.org/2001/XMLSchema-instance"
    xsi:schemaLocation="http://www.loc.gov/MARC21/slim http://www.loc.gov/standards/marcxml/schema/MARC21slim.xsd"
    xmlns="http://www.loc.gov/MARC21/slim">

  <leader>01274    a2200205   4500</leader>
  <controlfield tag="001">54287</controlfield>
  <controlfield tag="005">20260407155814.0</controlfield>
  <controlfield tag="008">260407a1991    arg                 spa d</controlfield>
  <controlfield tag="003">AR-UNSa-BCEJYS</controlfield>
  <datafield tag="040" ind1=" " ind2=" ">
    <subfield code="a">AR-UNSa-BCEJYS</subfield>
    <subfield code="b">spa</subfield>
    <subfield code="c">AR-UNSa-BCEJYS</subfield>
  </datafield>
  <datafield tag="080" ind1=" " ind2=" ">
    <subfield code="a">339.744</subfield>
    <subfield code="x">Convertibilidad</subfield>
  </datafield>
  <datafield tag="245" ind1="1" ind2="0">
    <subfield code="a">Convertibilidad del austral</subfield>
  </datafield>
  <datafield tag="020" ind1=" " ind2=" ">
    <subfield code="a">950-572-214-1</subfield>
  </datafield>
  <datafield tag="264" ind1=" " ind2="1">
    <subfield code="a">Buenos Aires :</subfield>
    <subfield code="b">V&#xED;ctor P. de Zaval&#xED;a</subfield>
    <subfield code="c">1991</subfield>
  </datafield>
  <datafield tag="300" ind1=" " ind2=" ">
    <subfield code="a">251 p.</subfield>
    <subfield code="c">23 cm.</subfield>
  </datafield>
  <datafield tag="505" ind1=" " ind2=" ">
    <subfield code="a">1. La Ley de convertibilidad: su estudio en el congreso de la naci&#xF3;n &#x2013; 2. Convertibilidad del austral y derecho social &#x2013; 3. Reflexiones a torno al art. 8 de la Ley 23.928: la detenci&#xF3;n del ajuste monetario hasta el d&#xED;a 1&#xB0; de abril de 1991 resulta inconstitucional &#x2013; 4. Primeras reflexiones sobre las preferencias en los concursos y la Ley 23.928 &#x2013; 5. Influencia de la Ley de convertibilidad y desindexaci&#xF3;n en el r&#xE9;gimen alimentario &#x2013; 5. La tasa de inter&#xE9;s y la Ley 23.928 &#x2013; 6. Implicancias de la Ley de convertibilidad n&#xB0; 23.928 en las locaciones urbanas &#x2013; 7. Las obligaciones en moneda extranjera &#x2013; 8. Nominalismo, prohibici&#xF3;n de actualizar deudas y desindexaci&#xF3;n en la Ley 23.928.</subfield>
  </datafield>
  <datafield tag="942" ind1=" " ind2=" ">
    <subfield code="c">BK</subfield>
  </datafield>
  <datafield tag="590" ind1=" " ind2=" ">
    <subfield code="a">niveau_biblio:m niveau_hierar:0</subfield>
  </datafield>
  <datafield tag="100" ind1="1" ind2=" ">
    <subfield code="a">Moisset de Espan&#xE9;s, Luis</subfield>
  </datafield>
  <datafield tag="999" ind1=" " ind2=" ">
    <subfield code="c">5456</subfield>
    <subfield code="d">5456</subfield>
  </datafield>
  <datafield tag="952" ind1=" " ind2=" ">
    <subfield code="0">0</subfield>
    <subfield code="1">0</subfield>
    <subfield code="4">0</subfield>
    <subfield code="7">0</subfield>
    <subfield code="a">BCEJYS</subfield>
    <subfield code="b">BCEJYS</subfield>
    <subfield code="c">16</subfield>
    <subfield code="d">2026-04-07</subfield>
    <subfield code="l">0</subfield>
    <subfield code="o">339.744 M714 v.2</subfield>
    <subfield code="p">L58744</subfield>
    <subfield code="r">2026-04-07 15:58:14</subfield>
    <subfield code="w">2026-04-07</subfield>
    <subfield code="y">L</subfield>
  </datafield>
</record>
